Holiday Books: The Subtitles Quiz Stats

Quiz Updated Oct 11, 2015

Challenge
Share
Tweet
Embed
Score 0/15 Timer 04:00
3 Plays Today
% Correct
The Wearing of the Green
88.3%
Where's My Dreidel?
85%
The Physics of Christmas
84%
Why Was the Partridge in the Pear Tree?
82.4%
Easter Crack-Ups
80.8%
Diwali
80.4%
Glow with Ramadan All Year Long!
79.8%
The Genius of Earth Day
74.2%
% Correct
Celebrate the Solstice
74%
Holiday Gift Guide
72.8%
Dressed for Thrills
68.5%
Remember, Remember
67.4%
1621
66.9%
Mooncakes and Hungry Ghosts
55.5%
Carnaval Paper Dolls
50.4%

You're not logged in!

Compare scores with friends on all Sporcle quizzes.
Sign Up with Email
OR
Log In

You Might Also Like...

Show Comments

Extras

Top Quizzes Today


Score Distribution

Your Account Isn't Verified!

In order to create a playlist on Sporcle, you need to verify the email address you used during registration. Go to your Sporcle Settings to finish the process.